|
|
|
|
| LEADER |
00000nab#a22000007a#4500 |
| 001 |
arbauad039683 |
| 003 |
AR-BaUAD |
| 005 |
20250711113106.0 |
| 008 |
990831|||||||||###||||||b###|0###a|spa|| |
| 040 |
|
|
|a AR-BaUAD
|c AR-BaUAD
|b spa
|
| 100 |
|
|
|a Lockhart Saatchi, Doris
|
| 245 |
|
|
|a Camera obscura /
|c Doris Lockhart Saatchi;
|
| 300 |
0 |
|
|b fot.
|
| 653 |
|
|
|a SUGIMOTO, HIROSHI
|
| 653 |
|
|
|a LANGLANDS, BEN
|
| 653 |
|
|
|a BELL, NIKKI
|
| 653 |
|
|
|a FOTOGRAFIA DE ARQUITECTURA
|
| 653 |
|
|
|a FOTOGRAFIAS
|
| 773 |
0 |
|
|t BLUEPRINT
|g no. 163 [jul.-ago. 1999], p. 26-28
|
| 942 |
|
|
|c ARTI
|
| 952 |
|
|
|0 0
|1 0
|4 0
|7 0
|9 84602
|a AR-BAuAD
|b AR-BAuAD
|d 2025-07-11
|l 0
|p AAQA039683
|r 2025-07-11 11:31:06
|w 2025-07-11
|y ARTI
|
| 990 |
|
|
|a F199
|b TD
|
| 998 |
|
|
|a AAQ
|b BIBUN76
|
| 999 |
|
|
|c 64275
|d 64275
|